Formula 1 Driver 2021 - Statistics

General Stats
  • This quiz has been taken 51 times
  • The average score is 19 of 20
Answer Stats
Team Driver % Correct
๐Ÿ‡ช๐Ÿ‡ธ Alpine Fernando Alonso
100%
๐Ÿ‡ซ๐Ÿ‡ฎ Mercedes Valtteri Bottas
100%
๐Ÿ‡จ๐Ÿ‡ฆ Aston Martin Lance Stroll
96%
๐Ÿ‡ฌ๐Ÿ‡ง Mercedes Lewis Hamilton
96%
๐Ÿ‡ณ๐Ÿ‡ฑ Red Bull Max Verstappen
96%
๐Ÿ‡จ๐Ÿ‡ฆ Williams Nicholas Latifi
96%
๐Ÿ‡ซ๐Ÿ‡ท AlphaTauri Pierre Gasly
96%
๐Ÿ‡ฉ๐Ÿ‡ช Aston Martin Sebastian Vettel
96%
๐Ÿ‡ช๐Ÿ‡ธ Ferrari Carlos Sainz
93%
๐Ÿ‡ฒ๐Ÿ‡จ Ferrari Charles Leclerc
93%
๐Ÿ‡ฆ๐Ÿ‡บ McLaren Daniel Ricciardo
93%
๐Ÿ‡ซ๐Ÿ‡ท Alpine Esteban Ocon
93%
๐Ÿ‡ฌ๐Ÿ‡ง McLaren Lando Norris
93%
๐Ÿ‡ฒ๐Ÿ‡ฝ Red Bull Sergio Perez
93%
๐Ÿ‡ฏ๐Ÿ‡ต AlphaTauri Yuki Tsunoda
93%
๐Ÿ‡ฌ๐Ÿ‡ง Williams George Russell
91%
๐Ÿ‡ฉ๐Ÿ‡ช Haas Mick Schumacher
91%
๐Ÿ‡ฎ๐Ÿ‡น Alfa Romeo Antonio Giovinazzi
87%
๐Ÿ‡ท๐Ÿ‡บ Haas Nikita Mazepin
87%
๐Ÿ‡ซ๐Ÿ‡ฎ Alfa Romeo Kimi Rรคikkรถnen
85%
No matching quizzes found
Score Distribution
Percent of People with Each Score
Percentile by Number Answered
Your Score History
You have not taken this quiz